[Event "FRA-chT4 0809"]
[Site "France "]
[Date "2009.01.18"]
[Round "4"]
[White "Rouqual, Guy"]
[Black "Aurejac, Pierre"]
[Result "0-1"]
[WhiteElo "1730"]
[BlackElo "1660"]
[PlyCount "103"]
[EventDate "2008.10.??"]
[EventType "team-tourn"]
[EventRounds "9"]
[EventCountry "FRA"]
[SourceTitle "EXT 2010"]
[Source "ChessBase"]
[SourceDate "2010.11.25"]
[SourceVersion "1"]
[SourceVersionDate "2010.11.25"]
[SourceQuality "1"]

1. d4 d5 2. Nf3 Nf6 3. e3 e6 4. Bd3 a6 5. Nbd2 Be7 6. 0-0 0-0 7. Re1 c5 8. c3 Nc6 9. dxc5 Bxc5 10. e4 Qc7 11. e5 Ng4 12. Bxh7+ Kh8 13. Rf1 Ncxe5 14. Bc2 g6 15. Nxe5 Nxe5 16. Nf3 Kg7 17. Bf4 Bd6 18. Qd4 f6 19. Bxe5 fxe5 20. Qg4 e4 21. Nh4 Rf6 22. g3 Qf7 23. Rae1 Bd7 24. Qd1 Bb5 25. b4 Rf8 26. f4 Bxf1 27. Rxf1 Qc7 28. Qd2 Qc4 29. Bb3 Qc7 30. Rc1 b5 31. Ng2 Rc8 32. a3 a5 33. Rc2 axb4 34. axb4 Qa7+ 35. Kf1 Qa1+ 36. Ke2 Qa3 37. Rb2 Qa7 38. Ra2 Qg1 39. Ne3 Qxh2+ 40. Kd1 Qxg3 41. Qd4 Bxf4 42. Re2 Bxe3 43. Rxe3 Qg1+ 44. Kd2 Rh8 45. Qa7+ Rf7 46. Qd4+ Kg8 47. Bd1 Rh1 48. Kc1 Rf1 49. Qb6 Rxd1+ 50. Kb2 Qf2+ 51. Kb3 Rb1+ 52. Ka3 0-1